| 000 | 00585nam a2200193Ia 4500 | ||
|---|---|---|---|
| 005 | 20230717093326.0 | ||
| 008 | 131103s9999 xx 000 0 und d | ||
| 040 | _aLoreto College | ||
| 041 | _aEnglish | ||
| 082 |
_a973.3 _bMOR |
||
| 245 | 4 |
_aThe American Revolution _b two centuries of interpretation _cedited by Edmund S. Morgan |
|
| 260 |
_aNew Jersey _bPrentice - Hall _c1965 |
||
| 300 | _avi,183 p. | ||
| 504 | _aIncludes bibliographical references | ||
| 650 | _aUnited States - History,1775 - 1789 | ||
| 700 | _aMorgan,Edmund S.,ed. | ||
| 850 | _aLCLIB | ||
| 942 | _cBK | ||
| 999 |
_c7972 _d58451 |
||